000 005090000a22001810004500
003 MACL
005 20160527122744.0
008 160527b xxu||||| |||| 00| 0 eng d
040 _aMACL
_cMACL
041 _aHindi
082 _a891.433
100 _aनीलाभ
_9555
245 _aकोकाबेली
_cनीलाभ
260 _aइलाहाबाद
_bउत्‍सवा प्रकाशन
_c2011
350 _a250
650 _aNovel
_960077
942 _cHIN
_k891.433/NEE/N
_2ddc
999 _c48131
_d48131